[Event "Novokuznetsk Old Stager op"]
[Site "Novokuznetsk"]
[Date "2015.02.15"]
[Round "9"]
[White "Gulyaeva, Nina"]
[Black "Kolesnikov, Oleg"]
[Result "0-1"]
[WhiteElo "1415"]
[BlackElo "1919"]
[PlyCount "80"]
[EventDate "2015.01.10"]
[EventType "swiss"]
[EventRounds "9"]
[EventCountry "RUS"]
[SourceTitle "EXT 2018"]
[Source "ChessBase"]
[SourceDate "2017.10.13"]
[SourceVersion "1"]
[SourceVersionDate "2017.10.13"]
[SourceQuality "1"]

1. d4 d5 2. Nf3 c6 3. Bg5 h6 4. Bf4 Bf5 5. Nc3 e6 6. Ne5 f6 7. Nd3 Nd7 8. e3 h5 9. Be2 h4 10. h3 g5 11. Bh2 Bg6 12. f3 Nh6 13. f4 Nf5 14. Qd2 Nb6 15. b3 Ng3 16. fxg5 Nxh1 17. 0-0-0 Ng3 18. Bxg3 hxg3 19. Nf4 Bf5 20. g6 e5 21. Bh5 Bg7 22. e4 dxe4 23. dxe5 Qxd2+ 24. Rxd2 fxe5 25. Nfe2 Rxh5 26. Nxg3 Rg5 27. Ncxe4 Bxe4 28. Nxe4 Rxg6 29. g4 Bh6 30. g5 Bxg5 31. Nxg5 Rxg5 32. Re2 Nd5 33. h4 Rg1+ 34. Kd2 0-0-0 35. Rxe5 Rg2+ 36. Kc1 Nb4 37. Rc5 Rdd2 38. Kb2 Rxc2+ 39. Rxc2 Rxc2+ 40. Ka3 a5 0-1

[Event "Novokuznetsk Kustov op"]
[Site "Novokuznetsk"]
[Date "2014.10.19"]
[Round "7"]
[White "Sorokina, Tamara"]
[Black "Kolesnikov, Oleg"]
[Result "1-0"]
[WhiteElo "2100"]
[BlackElo "1953"]
[PlyCount "95"]
[EventDate "2014.09.28"]
[EventType "swiss"]
[EventRounds "9"]
[EventCountry "RUS"]
[SourceTitle "EXT 2018"]
[Source "ChessBase"]
[SourceDate "2017.10.13"]
[SourceVersion "1"]
[SourceVersionDate "2017.10.13"]
[SourceQuality "1"]

1. Nf3 d5 2. c4 d4 3. g3 c5 4. e3 dxe3 5. fxe3 Bg4 6. Bg2 Nc6 7. h3 Bh5 8. g4 Bg6 9. a3 Qd6 10. 0-0 Bd3 11. Rf2 Bxc4 12. d4 e6 13. Nbd2 Ba6 14. Ne4 Qd7 15. Rd2 cxd4 16. exd4 Nf6 17. Ne5 Qc7 18. Nxc6 bxc6 19. Nxf6+ gxf6 20. Rc2 Bb7 21. Be3 h5 22. Rac1 Rd8 23. Rxc6 Qb8 24. Rc7 Be7 25. Rxb7 Qg3 26. Qf3 Qxf3 27. Bxf3 hxg4 28. hxg4 Bd6 29. Kf2 Rh2+ 30. Bg2 Rh4 31. Kf3 Bb8 32. Rh1 Rxh1 33. Bxh1 Kf8 34. Ke2 Kg7 35. d5 exd5 36. Bxd5 Rxd5 37. Rxb8 a5 38. b4 axb4 39. axb4 f5 40. gxf5 Rxf5 41. b5 Rd5 42. b6 Rb5 43. Kd3 f5 44. Kc4 Rb1 45. Bd4+ Kf7 46. Bc5 Ke6 47. Bb4 Rc1+ 48. Kb5 1-0

[Event "Novokuznetsk Spring op"]
[Site "Novokuznetsk"]
[Date "2013.04.20"]
[Round "6"]
[White "Kolesnikov, Oleg"]
[Black "Kheyfets, Nataliya"]
[Result "1/2-1/2"]
[WhiteElo "1974"]
[BlackElo "1831"]
[PlyCount "24"]
[EventDate "2013.03.31"]
[EventType "swiss"]
[EventRounds "9"]
[EventCountry "RUS"]
[SourceTitle "EXT 2015"]
[Source "ChessBase"]
[SourceDate "2014.11.20"]
[SourceVersion "1"]
[SourceVersionDate "2014.11.20"]
[SourceQuality "1"]

1. e4 e5 2. Nf3 Nc6 3. Bc4 Nf6 4. Nc3 Bc5 5. 0-0 0-0 6. d3 h6 7. h3 a6 8. a3 d6 9. b4 Bd4 10. Nxd4 Nxd4 11. Be3 b5 12. Ba2 Be6 1/2-1/2

[Event "Novokuznetsk-ch"]
[Site "Novokuznetsk"]
[Date "2011.??.??"]
[Round "7"]
[White "Kolesnikov, Oleg"]
[Black "Spirin, Alexandr"]
[Result "1-0"]
[WhiteElo "1977"]
[BlackElo "1929"]
[PlyCount "117"]
[EventDate "2011.11.19"]
[EventType "swiss"]
[EventRounds "9"]
[EventCountry "RUS"]
[SourceTitle "EXT 2013"]
[Source "ChessBase"]
[SourceDate "2012.11.22"]
[SourceVersion "1"]
[SourceVersionDate "2012.11.22"]
[SourceQuality "1"]

1. e4 Nc6 2. d4 e5 3. d5 Nce7 4. c4 Nf6 5. Nc3 Ng6 6. a3 Be7 7. h4 h5 8. Be2 d6 9. Nf3 Ng4 10. Ng5 Nxh4 11. Rxh4 Bxg5 12. Rh1 Bxc1 13. Rxc1 Qg5 14. Nb5 Qe7 15. c5 0-0 16. Rxh5 Nf6 17. cxd6 cxd6 18. Rh2 Bd7 19. Nc3 g6 20. Qd2 Nh7 21. Qh6 f6 22. Qxg6+ Qg7 23. Bh5 Ng5 24. Ke2 Qxg6 25. Bxg6 Kg7 26. Bf5 Bxf5 27. exf5 a6 28. Rch1 Rac8 29. Kd3 b5 30. Ne4 Rc4 31. Nxg5 fxg5 32. Rh7+ Kf6 33. R1h6+ Kxf5 34. Rxd6 Rd4+ 35. Kc3 Rc8+ 36. Kb3 a5 37. Rh3 a4+ 38. Ka2 Rd2 39. Rc6 Rd8 40. Rf3+ Ke4 41. Rg6 Kxd5 42. Rxg5 Rc8 43. Rff5 Re2 44. f4 Kd4 45. Rxe5 Rf2 46. Rxb5 Rcc2 47. Rb4+ Kd3 48. Ra5 Rxg2 49. Raxa4 Ke3 50. Rc4 Kd3 51. Rxc2 Kxc2 52. Rb4 Kd2 53. a4 Rh2 54. a5 Rh5 55. Ra4 Rh7 56. f5 Kc1 57. f6 Rf7 58. a6 Ra7 59. f7 1-0